| 000 | 00655cam a2200193 a 4500 | ||
|---|---|---|---|
| 999 |
_c528862 _d528862 |
||
| 020 | _a0131483439 | ||
| 100 | 1 | _aStretcher, Robert. | |
| 245 | 1 | 0 |
_aCases in financial management / _cRobert Stretcher, Timothy B. Michael. |
| 260 |
_aUpper Saddle River, N.J. : _bPrentive Hall, _c2005. |
||
| 300 |
_axi, 188 p. ; _c23 cm. |
||
| 942 |
_2ddc _cBK |
||
| 650 | 0 |
_aBusiness enterprises _920663 |
|
| 650 | 0 |
_aCorporations _920664 |
|
| 700 | 1 |
_aMichael, Timothy B. _920665 |
|